| 000 | 00542nam a2200193 4500 | ||
|---|---|---|---|
| 003 | OSt | ||
| 005 | 20260530113905.0 | ||
| 008 | 260509b2002 xxu||||| |||| 00| 0 eng d | ||
| 040 |
_aICI _bspa _cICI |
||
| 050 | 0 | 0 |
_aNK2116 _bI57 2002 |
| 100 | 1 |
_aA pictorial review _932746 |
|
| 245 | 1 | 0 | _aInteriors Spaces of USA and Canada Vol. 6 |
| 264 | 1 |
_bThe Images Publishing Group •Australia _c2002 |
|
| 300 | _a224 páginas | ||
| 336 |
_atexto _2rdacontent |
||
| 337 |
_asin medio _2rdamedia |
||
| 338 |
_avolumen _2rdacarrier |
||
| 942 |
_2lcc _cBK _n1 |
||
| 999 |
_c11932 _d11932 |
||